Donació Fornas : Catàleg general de la col·lecció documental Catàleg general de la col·lecció documental
Descripción Física:
528 p. , 30 cm
MARC
| LEADER | 00000nam a2200000Ia 4500 | ||
|---|---|---|---|
| 001 | 11028 | ||
| 008 | 160829s1995 xx 000 0 cat d | ||
| 080 | |a A-1-59 | ||
| 100 | |a Catalunya. Parlament. Servei de Documentació, Biblioteca i Arxiu |9 37435 | ||
| 245 | |a Donació Fornas : |b Catàleg general de la col·lecció documental | ||
| 260 | |a Barcelona : |b Publicacions del Parlament de Catalunya, |c 1995 | ||
| 300 | |a 528 p. , 30 cm | ||
| 650 | |a Fornas i Martínez, Josep |x Biblioteca |x Catàlegs |9 37437 | ||
| 901 | |a Arxiu | ||
| 942 | |n 1 | ||
| 952 | |0 0 |1 0 |4 0 |6 A159 |7 1 |9 47869 |a Arxiu |b Arxiu |d 2016-12-01 |l 0 |o A-1-59 |p 11028 |r 2016-12-01 00:00:00 |w 2016-12-01 |y ARXIU | ||
| 999 | |c 51669 |d 51669 | ||